Jugadores brasileños que hayan jugado en el Real Madrid - Estadísticas

Estadísticas generales
  • Esta prueba ha sido intentada 180 veces
  • La puntuación promedio es 13 de 31
Estadísticas de respuestas
Jugador % Correcto
Vinícius Tobias
96%
Vinicius Junior
96%
Marcelo
91%
Ronaldo
90%
Rodrygo
88%
Roberto Carlos
87%
Ze Roberto
80%
Éder Militão
77%
Casemiro
75%
Endrick
66%
Kaká
66%
Robinho
65%
Danilo
54%
Lucas Silva
46%
Reinier
35%
Émerson
27%
Cicinho
25%
Júlio Baptista
24%
Sávio
19%
Flávio Conceição
17%
Fabinho
17%
Rodrigo Fabri
12%
Didi
10%
Ricardo Rocha
10%
Julio Cesar
7%
Willian José
4%
Felipe Abner
3%
Canario
3%
Evaristo de Macedo
3%
Vítor
3%
Fernando Giudicelli
1%
No se encontraron pruebas coincidentes
Distribución de puntuación
Porcentaje de gente con cada puntuación
Porcentaje por número respondido
Historial de tus puntuaciones
No has intentado esta prueba.